[Event "Rodovremesterskabet Gruppe A 2007"]
[Site "Rodovre"]
[Date "2007.09.04"]
[Round "1"]
[White "Mortensen, Henrik"]
[Black "Edoo, Niels"]
[Result "1/2-1/2"]
[WhiteElo "1883"]
[BlackElo "1803"]
[PlyCount "40"]
[EventDate "2007.??.??"]
[SourceDate "2005.11.09"]

1. e4 e5 2. Nc3 Bc5 3. Nf3 d6 4. d4 exd4 5. Nxd4 Nc6 6. Be3 Nxd4 7. Bxd4 Bxd4
8. Qxd4 Qf6 9. O-O-O Qxd4 10. Rxd4 Bd7 11. Bc4 Ne7 12. Nd5 Nxd5 13. Bxd5 O-O-O
14. f3 Rhf8 15. Rhd1 Rde8 16. c3 Re7 17. Bb3 f5 18. Bc2 fxe4 19. Rxe4 Rxe4 20.
Bxe4 Bf5 1/2-1/2

[Event "Rodovremesterskabet Gruppe A 2007"]
[Site "Rodovre"]
[Date "2007.09.04"]
[Round "1"]
[White "Enemark, Bjorn"]
[Black "Pedersen, Bent O"]
[Result "1/2-1/2"]
[WhiteElo "1630"]
[BlackElo "1706"]
[PlyCount "41"]
[EventDate "2007.??.??"]
[SourceDate "2005.11.09"]

1. f4 Nf6 2. Nf3 e6 3. e3 c5 4. c3 Be7 5. d4 Nc6 6. Bd3 d5 7. O-O O-O 8. Ne5
cxd4 9. exd4 g6 10. Nd2 Nxe5 11. fxe5 Ne8 12. Nf3 Ng7 13. h3 f5 14. exf6 Bxf6
15. Bf4 Bd7 16. Be5 Qe7 17. Qd2 Nf5 18. Rf2 Nh4 19. Nxh4 Bxh4 20. Rxf8+ Rxf8
21. Rf1 1/2-1/2

[Event "Rodovremesterskabet Gruppe A 2007"]
[Site "Rodovre"]
[Date "2007.09.04"]
[Round "1"]
[White "Rasmussen, Morten(1956)"]
[Black "Andersen, Daniel"]
[Result "0-1"]
[WhiteElo "1822"]
[BlackElo "1949"]
[PlyCount "70"]
[EventDate "2007.??.??"]
[SourceDate "2005.11.09"]

1. d4 c5 2. Nf3 e6 3. c4 Nf6 4. Nc3 d5 5. cxd5 exd5 6. g3 c4 7. Bg2 Nc6 8. O-O
Be7 9. Ne5 O-O 10. b3 Qa5 11. Bb2 Bb4 12. Nxc6 bxc6 13. Qc2 Ba6 14. bxc4 Bxc4
15. a3 Be7 16. Rfe1 Rfb8 17. e4 Bf8 18. e5 Ne8 19. e6 fxe6 20. Rxe6 Nd6 21. Ne2
Re8 22. Bh3 Rab8 23. Bc3 Qb5 24. Nf4 Ne4 25. Rxe8 Rxe8 26. Rb1 Qa6 27. Bb4 c5
28. Bxc5 Nxc5 29. dxc5 Bxc5 30. Nxd5 Re2 31. Rb8+ Bf8 32. Rxf8+ Kxf8 33. Qf5+
Kg8 34. Nc7 Re1+ 35. Kg2 Qc6+ 0-1

[Event "Rodovremesterskabet Gruppe A 2007"]
[Site "Rodovre"]
[Date "2007.09.04"]
[Round "1"]
[White "Hansen, Rasmus Agertoft"]
[Black "Hardarson, Gisli"]
[Result "1-0"]
[WhiteElo "1880"]
[BlackElo "1683"]
[PlyCount "97"]
[EventDate "2007.??.??"]
[SourceDate "2005.11.09"]

1. d4 Nf6 2. Nf3 c5 3. d5 e6 4. c4 exd5 5. cxd5 d6 6. Nc3 Na6 7. e4 Nc7 8. Be2
Be7 9. O-O O-O 10. Nd2 Rb8 11. a4 Re8 12. Nc4 Bd7 13. e5 dxe5 14. d6 Bxd6 15.
Nxd6 Re7 16. Bg5 Nce8 17. Nxe8 Bxe8 18. Qxd8 Rxd8 19. Bxf6 gxf6 20. Ne4 Bc6 21.
Rad1 Rxd1 22. Nxf6+ Kg7 23. Nh5+ Kg6 24. Rxd1 Bxa4 25. Rd6+ Re6 26. Rxe6+ fxe6
27. Ng3 Bc2 28. Nf1 e4 29. Ne3 Bd3 30. Kf1 b5 31. Ke1 c4 32. Bd1 b4 33. Kd2 Kf6
34. g4 a5 35. h4 h6 36. Kc1 Kg6 37. Kd2 Kf6 38. Ba4 Ke5 39. g5 hxg5 40. hxg5
Kd6 41. Ng4 Ke7 42. Ne5 Kd6 43. Nxd3 c3+ 44. bxc3 bxc3+ 45. Kxc3 exd3 46. Kxd3
Ke7 47. Ke4 Kf7 48. Ke5 Kg6 49. f4 1-0

[Event "Rodovremesterskabet Gruppe A 2007"]
[Site "Rodovre"]
[Date "2007.09.11"]
[Round "2"]
[White "Pedersen, Bent O"]
[Black "Rasmussen, Morten(1956)"]
[Result "1-0"]
[WhiteElo "1706"]
[BlackElo "1822"]
[PlyCount "71"]
[EventDate "2007.??.??"]
[SourceDate "2005.11.09"]

1. e4 e5 2. Nf3 Nf6 3. Nxe5 d6 4. Nf3 Nxe4 5. d4 d5 6. c4 Nc6 7. Bd3 Bb4+ 8.
Nbd2 Bg4 9. O-O Bxf3 10. Nxf3 O-O 11. a3 Be7 12. Re1 Nf6 13. Bg5 h6 14. Bh4 Re8
15. Qd2 Nh5 16. Bxe7 Nxe7 17. Ne5 Qd6 18. Rad1 Nc6 19. Qe2 Nf6 20. c5 Qd8 21.
Bc2 Nxe5 22. dxe5 c6 23. Qd3 Ne4 24. f3 Ng5 25. f4 Ne4 26. Rxe4 dxe4 27. Qxe4
Qc7 28. Qh7+ Kf8 29. Qh8+ Ke7 30. Qxg7 Rad8 31. Qf6+ Kf8 32. Qxh6+ Ke7 33. Qf6+
Kf8 34. Rd6 Kg8 35. Qg5+ Kf8 36. Rh6 1-0

[Event "Rodovremesterskabet Gruppe A 2007"]
[Site "Rodovre"]
[Date "2007.09.11"]
[Round "2"]
[White "Edoo, Niels"]
[Black "Andersen, Daniel"]
[Result "1-0"]
[WhiteElo "1803"]
[BlackElo "1949"]
[PlyCount "59"]
[EventDate "2007.??.??"]
[SourceDate "2005.11.09"]

1. e4 g6 2. d4 Bg7 3. c4 c5 4. d5 d6 5. Bd3 Nf6 6. Ne2 O-O 7. O-O e6 8. Nbc3
exd5 9. exd5 Re8 10. Bg5 h6 11. Bh4 Nbd7 12. f4 Qb6 13. Qc2 Ng4 14. Rf3 Ndf6
15. Ng3 Nh7 16. h3 Ne3 17. Qf2 Nf5 18. Nxf5 Bxf5 19. Qd2 Bxd3 20. Rxd3 f5 21.
Rf1 Nf6 22. Bxf6 Bxf6 23. Kh2 Re7 24. Re1 Rae8 25. Rde3 Qd8 26. Re6 Kf7 27. Nb5
Rxe6 28. dxe6+ Rxe6 29. Qd5 Qd7 30. Nc7 1-0

[Event "Rodovremesterskabet Gruppe A 2007"]
[Site "Rodovre"]
[Date "2007.09.11"]
[Round "2"]
[White "Hardarson, Gisli"]
[Black "Enemark, Bjorn"]
[Result "1/2-1/2"]
[WhiteElo "1683"]
[BlackElo "1630"]
[PlyCount "35"]
[EventDate "2007.??.??"]
[SourceDate "2005.11.09"]

1. e4 e6 2. d4 d5 3. e5 c5 4. c3 Qb6 5. Bd3 Bd7 6. Nf3 g6 7. O-O cxd4 8. cxd4
Nc6 9. Bc2 Bh6 10. Bxh6 Nxh6 11. Qd2 Nf5 12. Bxf5 exf5 13. Nc3 Be6 14. a4 a6
15. Rfe1 h6 16. a5 Qd8 17. b4 g5 18. g3 1/2-1/2

[Event "Rodovremesterskabet Gruppe A 2007"]
[Site "Rodovre"]
[Date "2007.09.11"]
[Round "2"]
[White "Mortensen, Henrik"]
[Black "Hansen, Rasmus Agertoft"]
[Result "1/2-1/2"]
[WhiteElo "1883"]
[BlackElo "1880"]
[PlyCount "32"]
[EventDate "2007.??.??"]
[SourceDate "2005.11.09"]

1. e4 e6 2. d4 d5 3. Nd2 dxe4 4. Nxe4 Nd7 5. Nf3 Ngf6 6. Bd3 b6 7. Nxf6+ Nxf6
8. Bb5+ Bd7 9. Qe2 Be7 10. Ne5 O-O 11. Nxd7 Nxd7 12. Bc6 Rc8 13. Bb7 Rb8 14.
Bc6 Rc8 15. Bb7 Rb8 16. Bc6 Rc8 1/2-1/2

[Event "Rodovremesterskabet Gruppe A 2007"]
[Site "Rodovre"]
[Date "2007.09.18"]
[Round "3"]
[White "Andersen, Daniel"]
[Black "Pedersen, Bent O"]
[Result "0-1"]
[WhiteElo "1949"]
[BlackElo "1706"]
[PlyCount "60"]
[EventDate "2007.??.??"]
[SourceDate "2005.11.09"]

1. c4 Nf6 2. Nc3 g6 3. e4 d6 4. d4 Bg7 5. f3 O-O 6. Be3 Nbd7 7. Nge2 e5 8. d5
a6 9. g4 Nb6 10. Ng3 Nfd7 11. Qd2 Qe7 12. O-O-O Nc5 13. Rg1 f6 14. h4 Rf7 15.
h5 g5 16. Nf5 Bxf5 17. exf5 h6 18. b4 Ncd7 19. Qf2 a5 20. a3 axb4 21. axb4 Rff8
22. c5 Na4 23. Ne4 Rfd8 24. Bc4 Kh8 25. Bb3 dxc5 26. Qc2 b5 27. bxc5 Bf8 28.
Bxa4 Rxa4 29. Kb2 Rda8 30. Ra1 Rb4+ 0-1

[Event "Rodovremesterskabet Gruppe A 2007"]
[Site "Rodovre"]
[Date "2007.09.18"]
[Round "3"]
[White "Rasmussen, Morten(1956)"]
[Black "Hardarson, Gisli"]
[Result "1/2-1/2"]
[WhiteElo "1822"]
[BlackElo "1683"]
[PlyCount "48"]
[EventDate "2007.??.??"]
[SourceDate "2005.11.09"]

1. d4 Nf6 2. Nf3 d5 3. c4 c6 4. Nc3 dxc4 5. a4 Bf5 6. e3 Nbd7 7. Bxc4 Nb6 8.
Be2 e6 9. O-O Bd6 10. Re1 Nbd5 11. Bf1 Ne4 12. Nxe4 Bxe4 13. Nd2 Bg6 14. e4 Nb4
15. Nc4 O-O 16. Nxd6 Qxd6 17. f3 Rad8 18. Be3 e5 19. dxe5 Qxe5 20. Qb3 c5 21.
Rac1 b6 22. g3 h6 23. Kg2 Kh8 24. Bf4 Qf6 1/2-1/2

[Event "Rodovremesterskabet Gruppe A 2007"]
[Site "Rodovre"]
[Date "2007.09.18"]
[Round "3"]
[White "Hansen, Rasmus Agertoft"]
[Black "Edoo, Niels"]
[Result "1-0"]
[WhiteElo "1880"]
[BlackElo "1803"]
[PlyCount "135"]
[EventDate "2007.??.??"]
[SourceDate "2005.11.09"]

1. d4 Nf6 2. Nf3 g6 3. c4 Bg7 4. Nc3 O-O 5. e4 d6 6. Be2 c6 7. O-O Bg4 8. Be3
Nbd7 9. Re1 e5 10. d5 cxd5 11. cxd5 a6 12. Rc1 b5 13. Nd2 Bxe2 14. Qxe2 Rc8 15.
f3 Nh5 16. b4 Nf4 17. Qf1 Nb6 18. g3 Nh5 19. Qe2 f5 20. Bf2 Nc4 21. Rc2 Bh6 22.
Ndb1 Nf6 23. a4 Qd7 24. Kh1 Kh8 25. Bg1 Qb7 26. a5 fxe4 27. fxe4 Qd7 28. Nd1
Ng4 29. Rc3 Rf7 30. h3 Nf6 31. Kg2 Nh5 32. Nf2 Rcf8 33. Qg4 Qe7 34. Re2 Qf6 35.
h4 Qe7 36. Na3 Nd2 37. Nc2 Rf3 38. Rxf3 Nxf3 39. Ne1 Nxg1 40. Kxg1 Qf7 41. Rc2
Be3 42. Ned3 Bd4 43. Kg2 Ng7 44. Qe2 Qf6 45. Rc6 Ra8 46. Qg4 Rf8 47. Qe2 Ra8
48. Ng4 Qe7 49. Qc2 h5 50. Ngf2 Ra7 51. Nh3 Ne8 52. Qd2 Kg7 53. Ng5 Nf6 54.
Ne6+ Kh7 55. Ng5+ Kg7 56. Qe2 Ng4 57. Qf3 Be3 58. Ne6+ Kh7 59. Rc8 Qf6 60. Rc6
Qe7 61. Rc8 Qf6 62. Qxf6 Nxf6 63. Kf3 Bd2 64. Rc6 Rf7 65. Rc7 Nd7+ 66. Ke2 Bc3
67. Ng5+ Kg7 68. Nxf7 1-0

[Event "Rodovremesterskabet Gruppe A 2007"]
[Site "Rodovre"]
[Date "2007.09.18"]
[Round "3"]
[White "Enemark, Bjorn"]
[Black "Mortensen, Henrik"]
[Result "0-1"]
[WhiteElo "1630"]
[BlackElo "1883"]
[PlyCount "72"]
[EventDate "2007.??.??"]
[SourceDate "2005.11.09"]

1. d4 Nf6 2. c4 c5 3. d5 e6 4. dxe6 fxe6 5. Nc3 d5 6. cxd5 exd5 7. Bg5 Be6 8.
Bxf6 gxf6 9. e3 Nc6 10. Bb5 d4 11. Bxc6+ bxc6 12. Ne4 Be7 13. Ne2 Qd5 14. N2g3
h5 15. Qf3 O-O-O 16. Nd2 h4 17. e4 Qe5 18. Nf5 Bxf5 19. Qxf5+ Qxf5 20. exf5 Rd5
21. Nc4 Rxf5 22. O-O Rd8 23. Rfe1 Bf8 24. Re6 Kc7 25. a3 Bd6 26. Rae1 Be5 27.
Na5 Bd6 28. Nc4 d3 29. Rd1 Be5 30. Na5 Bxb2 31. Rxc6+ Kb8 32. Nc4 Bd4 33. Rb1+
Ka8 34. Ra6 Rxf2 35. Kh1 Rc2 36. Na5 d2 0-1

[Event "Rodovremesterskabet Gruppe A 2007"]
[Site "Rodovre"]
[Date "2007.??.??"]
[Round "4"]
[White "Edoo, Niels"]
[Black "Pedersen, Bent O"]
[Result "1-0"]
[WhiteElo "1803"]
[BlackElo "1706"]
[PlyCount "67"]
[EventDate "2007.??.??"]
[SourceDate "2005.11.09"]

1. e4 c5 2. Nf3 Nf6 3. Nc3 Nc6 4. Bb5 Nd4 5. Bc4 d6 6. h3 e6 7. O-O a6 8. a4
Be7 9. d3 O-O 10. Re1 Nc6 11. Bg5 Nd7 12. Bxe7 Qxe7 13. d4 cxd4 14. Nxd4 Nde5
15. Nxc6 bxc6 16. Bb3 Bb7 17. f4 Nd7 18. Qd2 Nc5 19. Ba2 Rad8 20. b4 Nd7 21.
Rad1 Nf6 22. Qe3 d5 23. e5 Ne8 24. Qb6 Ba8 25. Rb1 Qb7 26. Qd4 g6 27. Ne4 Rb8
28. Nc5 Qc8 29. Rb2 Nc7 30. Reb1 Rd8 31. c3 Bb7 32. Kh2 Na8 33. b5 Qc7 34. bxa6
1-0

[Event "Rodovremesterskabet Gruppe A 2007"]
[Site "Rodovre"]
[Date "2007.09.25"]
[Round "4"]
[White "Hardarson, Gisli"]
[Black "Andersen, Daniel"]
[Result "0-1"]
[WhiteElo "1683"]
[BlackElo "1949"]
[PlyCount "68"]
[EventDate "2007.??.??"]
[SourceDate "2005.11.09"]

1. e4 e6 2. c4 d5 3. exd5 exd5 4. cxd5 Nf6 5. Nc3 Nxd5 6. Nf3 Be7 7. d4 O-O 8.
Be2 Nc6 9. O-O Bf6 10. Nxd5 Qxd5 11. Bf4 Qa5 12. Bd2 Qb6 13. Bc3 Rd8 14. d5
Bxc3 15. bxc3 Ne7 16. c4 c6 17. Re1 cxd5 18. Bd3 dxc4 19. Rxe7 cxd3 20. Qxd3
Be6 21. Qe4 Bd5 22. Qf5 Qb2 23. Rae1 Qxa2 24. Nd4 a5 25. Qd7 h6 26. Qg4 Qc4 27.
Rd1 a4 28. Qg3 Be6 29. Qe3 Qd5 30. h4 a3 31. Nxe6 Qxd1+ 32. Kh2 Qd6+ 33. Nf4 a2
34. Qb3 Qxf4+ 0-1

[Event "Rodovremesterskabet Gruppe A 2007"]
[Site "Rodovre"]
[Date "2007.09.25"]
[Round "4"]
[White "Mortensen, Henrik"]
[Black "Rasmussen, Morten(1956)"]
[Result "1/2-1/2"]
[WhiteElo "1883"]
[BlackElo "1822"]
[PlyCount "43"]
[EventDate "2007.??.??"]
[SourceDate "2005.11.09"]

1. Nf3 d5 2. d4 Nc6 3. h3 Bf5 4. Bf4 e6 5. e3 Bd6 6. Bxd6 Qxd6 7. c3 Nf6 8. Bb5
a6 9. Ba4 O-O 10. Nbd2 b5 11. Bc2 Bxc2 12. Qxc2 e5 13. dxe5 Nxe5 14. Nxe5 Qxe5
15. Nf3 Qe7 16. O-O Ne4 17. Qd3 c6 18. Rfd1 Rfe8 19. b3 Rad8 20. a4 Qc5 21.
Rdc1 Qb6 22. Qc2 1/2-1/2

[Event "Rodovremesterskabet Gruppe A 2007"]
[Site "Rodovre"]
[Date "2007.09.25"]
[Round "4"]
[White "Hansen, Rasmus Agertoft"]
[Black "Enemark, Bjorn"]
[Result "0-1"]
[WhiteElo "1880"]
[BlackElo "1630"]
[PlyCount "95"]
[EventDate "2007.??.??"]
[SourceDate "2005.11.09"]

1. d4 Nf6 2. Nf3 g6 3. c4 Bg7 4. Nc3 O-O 5. e4 d6 6. Be2 Bg4 7. O-O Nbd7 8. Nd2
Bxe2 9. Qxe2 c6 10. Re1 e5 11. d5 c5 12. Nf1 Nh5 13. g3 a6 14. Ne3 Rb8 15. a4
Nb6 16. Qg4 Qd7 17. Qe2 Nc8 18. Rb1 Ne7 19. b4 b6 20. Bd2 f5 21. exf5 Nxf5 22.
Nxf5 Rxf5 23. bxc5 dxc5 24. Be3 Rff8 25. Rb3 Nf6 26. Reb1 Qh3 27. Rxb6 Rxb6 28.
Rxb6 Ng4 29. f3 Nxe3 30. Qxe3 e4 31. Ne2 exf3 32. Nf4 Rxf4 33. Rb8+ Rf8 34.
Rxf8+ Bxf8 35. Qxf3 Bg7 36. d6 Bd4+ 37. Kh1 Qe6 38. Qa8+ Kg7 39. Qb7+ Kh6 40.
Qe7 Qxc4 41. Qf8+ Bg7 42. Qf3 Qc1+ 43. Kg2 Qd2+ 44. Kf1 Qxd6 45. Qe3+ g5 46. h4
Qe5 47. hxg5+ Qxg5 48. Qe5 0-1

[Event "Rodovremesterskabet Gruppe A 2007"]
[Site "Rodovre"]
[Date "2007.10.02"]
[Round "5"]
[White "Rasmussen, Morten(1956)"]
[Black "Hansen, Rasmus Agertoft"]
[Result "0-1"]
[WhiteElo "1822"]
[BlackElo "1880"]
[PlyCount "58"]
[EventDate "2007.??.??"]
[SourceDate "2005.11.09"]

1. d4 d5 2. c4 c6 3. Nf3 Nf6 4. Qc2 e6 5. Bg5 dxc4 6. Qxc4 Qd5 7. e3 Ne4 8. Bf4
a5 9. a3 b5 10. Qc2 g5 11. Bd3 Nxf2 12. Kxf2 gxf4 13. exf4 Bg7 14. Nc3 Bxd4+
15. Ke1 Bxc3+ 16. bxc3 Nd7 17. Be4 Qd6 18. Nd4 Qxf4 19. Nxb5 Rb8 20. Nd4 c5 21.
Nc6 Rb2 22. Qxb2 Qxe4+ 23. Kf2 Qxc6 24. Rhe1 Rg8 25. Kg1 Bb7 26. Re2 c4 27. Rd1
Nc5 28. Rd4 Nd3 29. Qa2 Nc1 0-1

[Event "Rodovremesterskabet Gruppe A 2007"]
[Site "Rodovre"]
[Date "2007.10.02"]
[Round "5"]
[White "Andersen, Daniel"]
[Black "Mortensen, Henrik"]
[Result "1/2-1/2"]
[WhiteElo "1949"]
[BlackElo "1883"]
[PlyCount "96"]
[EventDate "2007.??.??"]
[SourceDate "2005.11.09"]

1. c4 e6 2. g3 d5 3. Bg2 c6 4. Qc2 f5 5. d4 Nf6 6. Nf3 Be7 7. O-O O-O 8. b3 Ne4
9. Ba3 Bxa3 10. Nxa3 Qe7 11. Qb2 Nd7 12. Nc2 f4 13. e3 fxg3 14. fxg3 Ndf6 15.
Ne5 Bd7 16. Ne1 Be8 17. N1d3 Bh5 18. Bh3 Ng5 19. Bg2 Ng4 20. Qd2 Nxe5 21. Nxe5
Nf7 22. Nxf7 Rxf7 23. Rxf7 Bxf7 24. e4 Rd8 25. Qe3 Qd7 26. Rd1 Bg6 27. e5 Rf8
28. c5 h6 29. b4 Bc2 30. Rd2 Bg6 31. a4 a6 32. Rb2 Qf7 33. b5 axb5 34. axb5 Be4
35. Qe2 Bxg2 36. Kxg2 Ra8 37. bxc6 bxc6 38. Rb6 Qa7 39. Qg4 Qf7 40. Qe2 Qa7 41.
Qb2 Qa4 42. Rb4 Qd1 43. Rb8+ Rxb8 44. Qxb8+ Kh7 45. Qb4 Qe2+ 46. Kg1 Qe3+ 47.
Kg2 Qe2+ 48. Kg1 Qe3+ 1/2-1/2

[Event "Rodovremesterskabet Gruppe A 2007"]
[Site "Rodovre"]
[Date "2007.10.02"]
[Round "5"]
[White "Pedersen, Bent O"]
[Black "Hardarson, Gisli"]
[Result "0-1"]
[WhiteElo "1706"]
[BlackElo "1683"]
[PlyCount "38"]
[EventDate "2007.??.??"]
[SourceDate "2005.11.09"]

1. e4 e5 2. Nf3 f5 3. d3 d6 4. Nc3 Nf6 5. Bg5 c6 6. Be2 h6 7. Bxf6 Qxf6 8. Qd2
Be6 9. d4 f4 10. O-O-O Be7 11. Kb1 Nd7 12. g3 Nb6 13. Rhg1 O-O-O 14. gxf4 exf4
15. h4 Rhg8 16. h5 Bf7 17. e5 dxe5 18. Ne4 Qe6 19. Nfg5 Qxa2+ 0-1

[Event "Rodovremesterskabet Gruppe A 2007"]
[Site "Rodovre"]
[Date "2007.10.02"]
[Round "5"]
[White "Enemark, Bjorn"]
[Black "Edoo, Niels"]
[Result "0-1"]
[WhiteElo "1630"]
[BlackElo "1803"]
[PlyCount "102"]
[EventDate "2007.??.??"]
[SourceDate "2005.11.09"]

1. d4 Nf6 2. c4 e6 3. Nc3 d5 4. e3 Be7 5. Nf3 O-O 6. Be2 c6 7. O-O Nbd7 8. a3
dxc4 9. Bxc4 b5 10. Ba2 a6 11. b4 Nd5 12. Bd2 a5 13. Nxd5 exd5 14. bxa5 Bxa3
15. Bxd5 b4 16. Bxc6 Rxa5 17. Qb1 Qc7 18. Be4 Nf6 19. Bd3 Rh5 20. g3 Qd7 21.
Bxb4 Bb7 22. e4 Bxb4 23. Ra7 Ra5 24. Rxa5 Bxa5 25. Rc1 Rc8 26. Rxc8+ Qxc8 27.
Qb5 Bc7 28. d5 Nd7 29. Nd4 Bd6 30. Nc6 Bxc6 31. Qxc6 Qxc6 32. dxc6 Nc5 33. Bb1
h6 34. f3 Ne6 35. f4 Nd4 36. e5 Bc5 37. Ba2 Nxc6+ 38. Kg2 Kf8 39. e6 f5 40. h3
Ke7 41. g4 Nd4 42. g5 hxg5 43. fxg5 Nxe6 44. h4 Kd6 45. Kf3 Ke5 46. Bb1 Nd4+
47. Kg2 Kf4 48. Kh3 Nf3 49. Bc2 Bf2 50. Bxf5 Kxf5 51. Kg2 Bxh4 0-1

[Event "Rodovremesterskabet Gruppe A 2007"]
[Site "Rodovre"]
[Date "2007.10.09"]
[Round "6"]
[White "Mortensen, Henrik"]
[Black "Pedersen, Bent O"]
[Result "1-0"]
[WhiteElo "1883"]
[BlackElo "1706"]
[PlyCount "39"]
[EventDate "2007.??.??"]
[SourceDate "2005.11.09"]

1. e4 c5 2. Nf3 Nc6 3. c4 g6 4. d4 cxd4 5. Nxd4 Bg7 6. Be3 Nf6 7. Nc3 O-O 8.
Be2 d6 9. Qd2 Bd7 10. f3 Rc8 11. b3 Re8 12. O-O a6 13. Rfd1 Qc7 14. Rac1 Red8
15. Nd5 Qb8 16. Nxc6 Nxd5 17. Nxb8 Nxe3 18. Nxd7 Nxd1 19. Nb6 Rc6 20. Nd5 1-0

[Event "Rodovremesterskabet Gruppe A 2007"]
[Site "Rodovre"]
[Date "2007.10.09"]
[Round "6"]
[White "Enemark, Bjorn"]
[Black "Rasmussen, Morten(1956)"]
[Result "1/2-1/2"]
[WhiteElo "1630"]
[BlackElo "1822"]
[PlyCount "28"]
[EventDate "2007.??.??"]
[SourceDate "2005.11.09"]

1. d4 d5 2. c4 Nc6 3. Nc3 dxc4 4. e3 e5 5. d5 Nce7 6. Bxc4 Nf6 7. Nge2 Ng6 8.
Qb3 Bd6 9. e4 a6 10. a4 O-O 11. O-O Nh5 12. Be3 Kh8 13. a5 Qh4 14. f3 --
1/2-1/2

[Event "Rodovremesterskabet Gruppe A 2007"]
[Site "Rodovre"]
[Date "2007.10.09"]
[Round "6"]
[White "Hansen, Rasmus Agertoft"]
[Black "Andersen, Daniel"]
[Result "1-0"]
[WhiteElo "1880"]
[BlackElo "1949"]
[PlyCount "89"]
[EventDate "2007.??.??"]
[SourceDate "2005.11.09"]

1. d4 Nf6 2. Nf3 g6 3. Bf4 Bg7 4. e3 c5 5. c3 cxd4 6. cxd4 Qb6 7. Qc1 O-O 8.
Bc7 Qb4+ 9. Nbd2 Na6 10. a3 Qa4 11. Ne5 Nxc7 12. Qxc7 d6 13. b3 Qe8 14. Nef3
Qd7 15. Rc1 Nd5 16. Qxd7 Bxd7 17. e4 Nb6 18. Bd3 Rac8 19. Ke2 e5 20. d5 f5 21.
a4 Bh6 22. a5 Na8 23. h4 Nc7 24. Ng5 Rfd8 25. f3 Nb5 26. Bxb5 Bxb5+ 27. Nc4
Bxg5 28. hxg5 Rc5 29. Rc2 Bxc4+ 30. Rxc4 Rxc4 31. bxc4 Rc8 32. Kd3 Rc7 33. Rb1
Kf8 34. Rb5 Ke7 35. Kc3 Kd7 36. Kb4 a6 37. Rb6 Ke7 38. c5 Rxc5 39. Rxb7+ Kd8
40. Rb6 fxe4 41. fxe4 Rc1 42. Rxd6+ Kc7 43. Rxa6 Re1 44. Rc6+ Kb7 45. Rc4 1-0

[Event "Rodovremesterskabet Gruppe A 2007"]
[Site "Rodovre"]
[Date "2007.10.09"]
[Round "6"]
[White "Edoo, Niels"]
[Black "Hardarson, Gisli"]
[Result "1/2-1/2"]
[WhiteElo "1803"]
[BlackElo "1683"]
[PlyCount "50"]
[EventDate "2007.??.??"]
[SourceDate "2005.11.09"]

1. e4 c6 2. d4 d5 3. Nc3 dxe4 4. Nxe4 Nf6 5. Ng3 g6 6. Nf3 Bg7 7. Bf4 Nbd7 8.
Qd2 h6 9. h4 Nd5 10. Be5 Nxe5 11. Nxe5 Qb6 12. c3 Be6 13. Nd3 O-O-O 14. Nc5 Bf5
15. Nxf5 gxf5 16. Bd3 e6 17. a4 Qc7 18. g3 f4 19. g4 Kb8 20. Ra3 Bf8 21. Rb3
Bxc5 22. dxc5 Qa5 23. c4 Qxd2+ 24. Kxd2 Nf6 25. f3 Rd4 1/2-1/2

[Event "Rodovremesterskabet Gruppe A 2007"]
[Site "Rodovre"]
[Date "2007.10.23"]
[Round "7"]
[White "Andersen, Daniel"]
[Black "Enemark, Bjorn"]
[Result "1-0"]
[WhiteElo "1949"]
[BlackElo "1630"]
[PlyCount "105"]
[EventDate "2007.??.??"]
[SourceDate "2005.11.09"]

1. c4 e5 2. g3 g6 3. d4 exd4 4. Qxd4 Qf6 5. Qe3+ Qe6 6. Nc3 c6 7. Bg2 Bg7 8.
Nh3 Na6 9. a3 Ne7 10. Qf4 O-O 11. Ng5 Qe5 12. Qh4 h6 13. Nf3 Nf5 14. Nxe5 Nxh4
15. gxh4 Bxe5 16. Bxh6 Re8 17. Bd2 Nc5 18. Rd1 Nd3+ 19. exd3 Bxc3+ 20. Kf1 Bxb2
21. a4 Bd4 22. Bf4 Re6 23. Re1 Rf6 24. Re8+ Kh7 25. Bg3 d6 26. h3 Bc5 27. Kg1
Re6 28. Rd8 Bb6 29. Rxd6 Rxd6 30. Bxd6 Bf5 31. Be4 Bxe4 32. dxe4 Rd8 33. c5 Ba5
34. Kg2 b6 35. Rb1 bxc5 36. Bxc5 Rd7 37. Kg3 Bc7+ 38. Kg4 Be5 39. h5 gxh5+ 40.
Kxh5 Rd3 41. Rb7 Kg7 42. Kg4 Rc3 43. Be3 Rd3 44. Rxa7 Rd1 45. Ra6 Rg1+ 46. Kf5
Ba1 47. Rxc6 Rh1 48. Kg4 Rg1+ 49. Kf3 Be5 50. a5 Rh1 51. a6 Rxh3+ 52. Kg4 Rh8
53. a7 1-0

[Event "Rodovremesterskabet Gruppe A 2007"]
[Site "Rodovre"]
[Date "2007.10.23"]
[Round "7"]
[White "Rasmussen, Morten(1956)"]
[Black "Edoo, Niels"]
[Result "0-1"]
[WhiteElo "1822"]
[BlackElo "1803"]
[PlyCount "68"]
[EventDate "2007.??.??"]
[SourceDate "2005.11.09"]

1. d4 Nf6 2. Bg5 d5 3. Nc3 Bf5 4. f3 h6 5. Bxf6 exf6 6. e4 dxe4 7. fxe4 Bg6 8.
Nf3 Bb4 9. Bd3 Nc6 10. a3 Be7 11. d5 Nb8 12. O-O O-O 13. Nh4 Bh7 14. Nf5 Bc5+
15. Kh1 Nd7 16. Qg4 Bg6 17. Qg3 Ne5 18. Be2 Bd6 19. Nb5 Nc4 20. Nbxd6 Nxd6 21.
Nxd6 Qxd6 22. Qxd6 cxd6 23. Bd3 Rfe8 24. Rae1 Re5 25. g4 Rae8 26. Rf4 Rxd5 27.
Kg2 Rde5 28. Kf3 d5 29. c4 dxc4 30. Bxc4 Rd8 31. Ke3 Bh7 32. Re2 g5 33. Rxf6
Rxe4+ 34. Kf3 Rxc4 0-1

[Event "Rodovremesterskabet Gruppe A 2007"]
[Site "Rodovre"]
[Date "2007.10.23"]
[Round "7"]
[White "Pedersen, Bent O"]
[Black "Hansen, Rasmus Agertoft"]
[Result "0-1"]
[WhiteElo "1706"]
[BlackElo "1880"]
[PlyCount "72"]
[EventDate "2007.??.??"]
[SourceDate "2005.11.09"]

1. e4 c6 2. d4 d5 3. e5 Bf5 4. Nc3 e6 5. g4 Bg6 6. Nge2 Be7 7. Nf4 Bg5 8. Nxg6
hxg6 9. Bxg5 Qxg5 10. Bg2 Nd7 11. h3 Nb6 12. b3 Ne7 13. Qd2 Qxd2+ 14. Kxd2 g5
15. Rac1 Ng6 16. Ne2 O-O-O 17. c3 Rh6 18. a4 a5 19. Ke3 Nh4 20. Bf1 Ng6 21. f4
gxf4+ 22. Nxf4 Nxf4 23. Kxf4 f6 24. Re1 Nd7 25. Bg2 g5+ 26. Kg3 fxe5 27. dxe5
Nc5 28. Ref1 Nxb3 29. Rf7 Rg6 30. h4 gxh4+ 31. Rxh4 Rdg8 32. Bh3 Nc5 33. Rhh7
Kb8 34. Kf3 Ka8 35. Rf6 Nd3 36. Rh5 Nxe5+ 0-1

[Event "Rodovremesterskabet Gruppe A 2007"]
[Site "Rodovre"]
[Date "2007.10.23"]
[Round "7"]
[White "Hardarson, Gisli"]
[Black "Mortensen, Henrik"]
[Result "0-1"]
[WhiteElo "1683"]
[BlackElo "1883"]
[PlyCount "116"]
[EventDate "2007.??.??"]
[SourceDate "2005.11.09"]

1. e4 d5 2. exd5 Qxd5 3. Nc3 Qd6 4. d4 Nf6 5. Nf3 a6 6. g3 b5 7. a3 Bb7 8. Bg2
e6 9. Bf4 Qd8 10. O-O Be7 11. Ne5 Bxg2 12. Kxg2 O-O 13. Qf3 Nd5 14. Nxd5 Qxd5
15. Rac1 Qxf3+ 16. Kxf3 Bd6 17. Rfe1 f6 18. Nd3 Kf7 19. Bxd6 cxd6 20. c4 Nc6
21. d5 Nd4+ 22. Kg2 exd5 23. cxd5 Rfc8 24. Nb4 a5 25. Nc6 Nxc6 26. dxc6 Ra6 27.
c7 Ra7 28. Rc6 Rcxc7 29. Rxd6 Rc2 30. b4 axb4 31. axb4 Raa2 32. Rd7+ Kg6 33.
Ree7 Rxf2+ 34. Kg1 Rg2+ 35. Kf1 Rxh2 36. Rxg7+ Kf5 37. g4+ Kf4 38. Kg1 Rhd2 39.
Rxd2 Rxd2 40. Rf7 Rb2 41. Rxf6+ Kxg4 42. Rh6 Rxb4 43. Rxh7 Kf3 44. Rh3+ Ke2 45.
Rh5 Rg4+ 46. Kh2 b4 47. Kh3 Rd4 48. Kg2 b3 49. Re5+ Kd2 50. Kf2 Rf4+ 51. Kg3
Rb4 52. Kf2 b2 53. Re2+ Kc3 54. Re3+ Kc2 55. Re2+ Kb3 56. Re1 Ka2 57. Re2 Rb3
58. Rc2 Ka3 0-1